Environmental impact of biomaterial and biomass (Record no. 115725)
[ view plain ]
| 000 -LEADER | |
|---|---|
| fixed length control field | 01512cam a22002895a 4500 |
| 001 - CONTROL NUMBER | |
| control field | L159184 |
| 008 - FIXED-LENGTH DATA ELEMENTS--GENERAL INFORMATION | |
| fixed length control field | 121121s2014 xxko f 000 0 eng d |
| 020 ## - INTERNATIONAL STANDARD BOOK NUMBER | |
| International Standard Book Number | 9781848063716 |
| 035 ## - SYSTEM CONTROL NUMBER | |
| System control number | (Sirsi) u159184 |
| 041 0# - LANGUAGE CODE | |
| Language code of text/sound track or separate title | eng |
| 050 04 - LIBRARY OF CONGRESS CALL NUMBER | |
| Classification number | 691 |
| 100 1# - MAIN ENTRY--PERSONAL NAME | |
| Personal name | Jones, Nigel |
| 245 00 - TITLE STATEMENT | |
| Title | Environmental impact of biomaterial and biomass |
| 260 ## - PUBLICATION, DISTRIBUTION, ETC. | |
| Place of publication, distribution, etc. | Watford |
| Name of publisher, distributor, etc. | BRE |
| Date of publication, distribution, etc. | 2014 |
| 300 ## - PHYSICAL DESCRIPTION | |
| Extent | 16p. |
| Other physical details | ill. |
| Dimensions | 30cm. |
| 490 #0 - SERIES STATEMENT | |
| Series statement | BRE |
| Volume/sequential designation | (FB 67) |
| 520 ## - SUMMARY, ETC. | |
| Summary, etc. | Reviews how biomaterials and biomass have been assessed within The Green Guide to Specification, including the application of the Environmental Profiles methodology, which underlies Green Guide data. The way in which biomaterials and biomass are addressed within building-level environment assessment schemes such as BREEAM and the Code for Sustainable Homes is also explained. The report gives understanding of the significant benefits and impacts of biomaterials and biomass over their whole life cycle and help to identify opportunities for improvements to their environmental performance. It is part of a series that provides comparable information on windows, masonry and concrete, metals, floor finishes, cladding and insulation to assess the environmental impact of specific construction materials. |
| 521 ## - TARGET AUDIENCE NOTE | |
| Target audience note | Advanced |
| 590 ## - LOCAL NOTE (RLIN) | |
| Local note | KA |
| 650 24 - SUBJECT ADDED ENTRY--TOPICAL TERM | |
| Topical term or geographic name entry element | ENVIRONMENTAL ASSESSMENT |
| 650 24 - SUBJECT ADDED ENTRY--TOPICAL TERM | |
| Topical term or geographic name entry element | BIOMASS |
| 651 #4 - SUBJECT ADDED ENTRY--GEOGRAPHIC NAME | |
| Geographic name | United Kingdom |
| Chronological subdivision | |
| 690 ## - LOCAL SUBJECT ADDED ENTRY--TOPICAL TERM (OCLC, RLIN) | |
| Topical term or geographic name as entry element | Building materials and defects |
| 690 ## - LOCAL SUBJECT ADDED ENTRY--TOPICAL TERM (OCLC, RLIN) | |
| Topical term or geographic name as entry element | Environment |
| 9 (RLIN) | 6238 |
| 700 1# - ADDED ENTRY--PERSONAL NAME | |
| Personal name | Mundy, Jo |
| 942 ## - ADDED ENTRY ELEMENTS (KOHA) | |
| Suppress in OPAC | 0 |
| Withdrawn status | Lost status | Source of classification or shelving scheme | Damaged status | Not for loan | Home library | Current library | Shelving location | Date acquired | Total Checkouts | Full call number | Barcode | Date last seen | Copy number | Price effective from | Koha item type |
|---|---|---|---|---|---|---|---|---|---|---|---|---|---|---|---|
| Dewey Decimal Classification | London | London | Folio | 11/03/2016 | F691 JON | 30078854 | 06/08/2019 | 1 | 06/08/2019 | Book |